[Event "Chessung Gp4"]
[Site "Guantanamo"]
[Date "2017.02.23"]
[Round "10.3"]
[White "Rausseaux Garcia, Hugo"]
[Black "Frometa Romero, Oscar Luis"]
[Result "1/2-1/2"]
[WhiteElo "1933"]
[BlackElo "1657"]
[PlyCount "34"]
[EventDate "2017.02.16"]
[EventType "tourn"]
[EventRounds "10"]
[EventCountry "CUB"]
[SourceTitle "EXT 2023"]
[Source "ChessBase"]
[SourceDate "2022.10.05"]
[SourceVersion "1"]
[SourceVersionDate "2022.10.05"]
[SourceQuality "1"]

1. d4 f5 2. c4 Nf6 3. Nc3 g6 4. g3 d5 5. c5 Bg7 6. Bg2 0-0 7. Nf3 Nc6 8. 0-0 Be6 9. Bf4 Ne4 10. Ne5 Nxe5 11. Bxe5 Nxc3 12. bxc3 Bxe5 13. dxe5 c6 14. Qd4 b6 15. Rab1 Bd7 16. cxb6 axb6 17. Rxb6 Rxa2 1/2-1/2

[Event "Chessung Gp4"]
[Site "Guantanamo"]
[Date "2017.02.18"]
[Round "4.2"]
[White "Rausseaux Garcia, Hugo"]
[Black "Garcia Rivero, Andy Anibal"]
[Result "0-1"]
[WhiteElo "1933"]
[BlackElo "1908"]
[PlyCount "82"]
[EventDate "2017.02.16"]
[EventType "tourn"]
[EventRounds "10"]
[EventCountry "CUB"]
[SourceTitle "EXT 2023"]
[Source "ChessBase"]
[SourceDate "2022.10.05"]
[SourceVersion "1"]
[SourceVersionDate "2022.10.05"]
[SourceQuality "1"]

1. d4 f5 2. c4 Nf6 3. Nc3 e6 4. Nf3 c6 5. g3 d5 6. Bf4 Be7 7. c5 0-0 8. Bg2 Ne4 9. Qc2 Nd7 10. Ne5 g5 11. Nxd7 Bxd7 12. Be5 Qa5 13. f4 Be8 14. Bxe4 dxe4 15. Qb3 Bd7 16. Qxb7 Qd8 17. Qb3 Qc8 18. Nd1 a5 19. Ne3 a4 20. Qc3 Qa6 21. Nc4 Rf7 22. Nb6 Bd8 23. Nc4 g4 24. Kf2 Ba5 25. Qc2 Be8 26. h3 gxh3 27. Rxh3 Rd7 28. Bd6 Rg7 29. Rah1 Raa7 30. Be5 Rge7 31. Rh6 Bc7 32. Nd6 Ba5 33. Qc1 Bb4 34. g4 fxg4 35. Qg1 Rg7 36. Bxg7 Rxg7 37. Nxe8 g3+ 38. Kg2 Qxe2+ 39. Kh3 Qg4+ 40. Kg2 Qf3+ 41. Kh3 g2+ 0-1